[Event "40th World Junior Girls"]
[Site "Gandhinagar IND"]
[Date "2024.06.03"]
[Round "2.46"]
[White "Bhat Sannidhi Ramakrishna"]
[Black "Durga Karthika Lellapalli"]
[Result "1-0"]
[WhiteElo "1842"]
[BlackElo "1631"]
[WhiteFideId "25792695"]
[BlackFideId "25130889"]
[EventDate "2024.06.02"]

1. d4 Nf6 2. Nf3 e6 3. Bf4 d5 4. e3 Bd6 5. Bg3 c5 6. c3 Qc7 7. Nbd2 Nbd7 8. Bb5
a6 9. Bxd7+ Nxd7 10. Bxd6 Qxd6 11. O-O O-O 12. Re1 e5 13. dxc5 Qxc5 14. e4 dxe4
15. Nxe4 Qe7 16. Qd5 Re8 17. Nd6 Qe6 18. Rad1 Qxd5 19. Rxd5 Re7 20. Red1 Nb6 21.
Nxc8 Rxc8 22. Rd8+ Re8 23. Rxc8 Rxc8 24. Nxe5 f6 25. Rd6 Na4 26. Nd3 Kf8 27. Rd7
b6 28. Kf1 Nc5 29. Nxc5 Rxc5 30. Rb7 b5 31. Ra7 Rc6 32. Ke2 Rd6 33. b3 h5 34.
Ke3 Kg8 35. c4 bxc4 36. bxc4 g5 37. c5 Rd5 38. c6 f5 39. c7 Re5+ 40. Kd4 Re8 41.
Rb7 1-0

[Event "40th World Junior Girls"]
[Site "Gandhinagar IND"]
[Date "2024.06.03"]
[Round "2.47"]
[White "Chinnam, Vyshnavi"]
[Black "Pranavasri S"]
[Result "1-0"]
[WhiteTitle "WCM"]
[WhiteElo "1830"]
[BlackElo "1610"]
[WhiteFideId "35061690"]
[BlackFideId "33406758"]
[EventDate "2024.06.02"]

1. e4 c5 2. Nc3 d6 3. d4 cxd4 4. Qxd4 Nf6 5. b3 g6 6. Bb2 Bg7 7. O-O-O Nc6 8.
Qd2 O-O 9. f3 a6 10. Kb1 b5 11. Nge2 Bb7 12. g4 Ne5 13. Bg2 b4 14. Na4 a5 15.
Bxe5 dxe5 16. Qxd8 Rfxd8 17. Nb6 Rab8 18. Ng3 Ba6 19. Na4 Bh6 20. Nc5 Bb5 21.
Nd3 Nd7 22. Bf1 a4 23. Nxb4 Bxf1 24. Nc6 Bb5 25. Nxd8 Rxd8 26. c4 Bc6 27. b4 Rb8
28. b5 Nc5 29. Kc2 Bb7 30. Rhe1 Rc8 31. Kc3 Bg5 32. Nf1 e6 33. Ne3 Bd8 34. Re2
Bb6 35. Kb4 Kf8 36. g5 Ke8 37. Ng4 Bd8 38. h4 Be7 39. Kc3 Nd7 40. Red2 Nb6 41.
Nxe5 f6 42. gxf6 Bxf6 43. Kb4 Bxe5 44. c5 Bc3+ 45. Kxc3 Rxc5+ 46. Kb4 Rc7 47.
Rd6 Nc4 48. Rd8+ Ke7 49. Rh8 Kf6 50. Rc1 Bd5 51. exd5 exd5 52. Rd8 Ke5 53. Re1+
Kf4 54. Rxd5 Kxf3 55. Rd3+ 1-0

[Event "40th World Junior Girls"]
[Site "Gandhinagar IND"]
[Date "2024.06.03"]
[Round "2.48"]
[White "Prakash Vaishnavi"]
[Black "Sasvatha A"]
[Result "1/2-1/2"]
[BlackTitle "WCM"]
[WhiteElo "1632"]
[BlackElo "1825"]
[WhiteFideId "46660445"]
[BlackFideId "45010862"]
[EventDate "2024.06.02"]

1. e4 c6 2. d4 d5 3. exd5 cxd5 4. c4 Nf6 5. Nc3 Nc6 6. Bg5 Be6 7. a3 Qd7 8. Bxf6
gxf6 9. c5 Bg4 10. Be2 Bxe2 11. Ngxe2 Rd8 12. Qd3 Qg4 13. Qg3 Qd7 14. Rd1 h5 15.
Nf4 Bh6 16. Nxh5 Qe6+ 17. Kf1 Kf8 18. Nf4 Qf5 19. Nfe2 e5 20. Qf3 Qe6 21. h4 a6
22. Qh3 f5 23. h5 exd4 24. Nxd4 Nxd4 25. Rxd4 Re8 26. g4 fxg4 27. Qd3 g3 28.
fxg3 Bg7 29. Rf4 Be5 30. Rf3 Bxc3 31. Qxc3 d4 32. Qd2 Qe4 33. Qf4 Qe1+ 34. Kg2
Re2+ 35. Rf2 Rxf2+ 36. Qxf2 Qe4+ 37. Qf3 Qc2+ 38. Qf2 Qxc5 39. Rh4 Qc6+ 40. Qf3
Qc2+ 41. Qf2 d3 42. Qxc2 dxc2 43. Rc4 Rxh5 44. Rxc2 Rd5 45. Re2 Rd3 46. Kh3 Rb3
47. Kg4 Kg7 48. Kf4 Kf6 49. g4 Kg6 50. Rd2 Kf6 51. Re2 Kg6 52. Rd2 Rb6 53. Re2
Rf6+ 54. Kg3 Rb6 55. Kf3 Kg5 56. Re5+ Kf6 57. Re2 Rb3+ 58. Kf4 1/2-1/2

[Event "40th World Junior Girls"]
[Site "Gandhinagar IND"]
[Date "2024.06.03"]
[Round "2.49"]
[White "Cumacenko, Saule"]
[Black "Rejepova, Jahan"]
[Result "0-1"]
[WhiteElo "1595"]
[BlackElo "1816"]
[WhiteFideId "12835560"]
[BlackFideId "14006480"]
[EventDate "2024.06.02"]

1. e4 e6 2. d4 d5 3. exd5 exd5 4. Bd3 Bd6 5. Nf3 Nf6 6. c3 c6 7. Bg5 Bg4 8. Nbd2
Nbd7 9. O-O O-O 10. Qc2 Qc7 11. h4 Bh5 12. Rac1 Rfe8 13. Rfe1 Bg6 14. Bxg6 hxg6
15. Rxe8+ Rxe8 16. c4 dxc4 17. Nxc4 Nd5 18. Qb3 N7b6 19. Nxd6 Qxd6 20. Be3 Nxe3
21. fxe3 Qg3 22. Ne5 Nd5 23. e4 Qxb3 24. axb3 Nf6 25. Re1 c5 26. Nf3 cxd4 27. e5
Nd7 28. Kf2 Nc5 29. Rd1 Nxb3 30. Rd3 Nc5 31. Rxd4 Rc8 32. b4 Ne6 33. Rd7 Rc7 34.
Rxc7 Nxc7 35. Nd4 a6 36. Ke2 Nd5 37. Nc2 Kf8 38. g3 Ke7 39. Kd3 Ke6 40. Kd4 g5
41. Ke4 Nc3+ 42. Kd3 Nb5 43. Ke4 b6 44. Ne3 Nc3+ 45. Kd4 Ne2+ 46. Kc4 Kxe5 47.
Nd5 b5+ 48. Kc5 Nxg3 49. Nc7 Ne4+ 50. Kb6 0-1

[Event "40th World Junior Girls"]
[Site "Gandhinagar IND"]
[Date "2024.06.04"]
[Round "3.1"]
[White "Tejaswini G"]
[Black "Divya, Deshmukh"]
[Result "0-1"]
[WhiteTitle "WIM"]
[BlackTitle "IM"]
[WhiteElo "2059"]
[BlackElo "2456"]
[WhiteFideId "25749978"]
[BlackFideId "35006916"]
[EventDate "2024.06.02"]

1. d4 Nf6 2. c4 e6 3. Nc3 Bb4 4. e3 O-O 5. Bd2 c5 6. Nf3 cxd4 7. exd4 d5 8. a3
Bxc3 9. bxc3 Qc7 10. c5 b6 11. cxb6 axb6 12. Bd3 Ba6 13. Bxa6 Rxa6 14. O-O Nc6
15. Qc2 Na5 16. Rfb1 Nc4 17. Bc1 Ne4 18. Ne1 Rfa8 19. f3 Ned6 20. Rb3 Nf5 21.
Qd3 Na5 22. Rb4 Ne7 23. Nc2 Nec6 24. Rb5 Nc4 25. Rab1 h6 26. R5b3 Ra4 27. Rb5
R8a5 28. Rxa5 Rxa5 29. Rb3 Na7 30. h3 Nb5 31. Kh1 Qa7 32. Kh2 Nbxa3 33. Nxa3
Nxa3 34. Bxa3 Rxa3 35. Rxa3 Qxa3 36. Kg3 Qb2 37. f4 g6 38. Qe3 Qc2 39. Kh2 h5
40. Kg3 b5 41. h4 Qe4 42. Qd2 Kg7 43. Kh2 Kf6 44. g3 Kf5 45. Qd1 Qe3 46. Qc2+
Kf6 47. Qb2 Qd3 48. Qc1 Kf5 49. Kh3 Ke4 50. Qh1+ Ke3 51. Qe1+ Qe2 52. Qg1+ Kd2
53. Qa1 Qd1 54. Qb2+ Ke3 55. Qg2 Qg4+ 56. Kh2 Qe2 0-1

[Event "40th World Junior Girls"]
[Site "Gandhinagar IND"]
[Date "2024.06.04"]
[Round "3.2"]
[White "Mkrtchyan, Mariam"]
[Black "Shohradova, Lala"]
[Result "1-0"]
[WhiteTitle "WIM"]
[BlackTitle "WFM"]
[WhiteElo "2300"]
[BlackElo "2000"]
[WhiteFideId "13310828"]
[BlackFideId "14004089"]
[EventDate "2024.06.02"]

1. d4 d5 2. Nf3 Nf6 3. c4 e6 4. Nc3 a6 5. cxd5 exd5 6. Bg5 Be6 7. e3 Nbd7 8. Bd3
h6 9. Bf4 g5 10. Bg3 Nh5 11. Be5 Ng7 12. h3 Nxe5 13. Nxe5 Bd6 14. O-O c6 15. f4
gxf4 16. exf4 Qb6 17. Ne2 O-O-O 18. Qc2 Nh5 19. Kh1 Bxe5 20. fxe5 Rhg8 21. Rf3
Rg5 22. Bh7 Kb8 23. b4 Rc8 24. Rb1 Qd8 25. a4 f6 26. g4 fxe5 27. gxh5 Qd7 28.
Bg6 Bxh3 29. Rg1 Bg4 30. Rf7 Qe6 31. dxe5 Qxe5 32. Ng3 Be6 33. Rf3 d4 34. Ne4
Bd5 35. Rxg5 hxg5 36. Qh2 Qxh2+ 37. Kxh2 a5 38. Rd3 axb4 39. Rxd4 b3 40. Nf6 Be6
41. Re4 c5 42. Rxe6 c4 43. Nd5 c3 44. Nxc3 Rxc3 45. h6 g4 46. Re8+ Ka7 47. h7
Rh3+ 48. Kg2 1-0

[Event "40th World Junior Girls"]
[Site "Gandhinagar IND"]
[Date "2024.06.04"]
[Round "3.3"]
[White "Kurmangaliyeva, Liya"]
[Black "Agajanova, Meryem"]
[Result "1-0"]
[WhiteTitle "FM"]
[BlackTitle "WCM"]
[WhiteElo "2282"]
[BlackElo "1955"]
[WhiteFideId "13725831"]
[BlackFideId "14005930"]
[EventDate "2024.06.02"]

1. e4 e6 2. d4 d5 3. Nc3 Bb4 4. e5 Ne7 5. a3 Bxc3+ 6. bxc3 c5 7. h4 b6 8. h5 h6
9. a4 Ba6 10. Bb5+ Bxb5 11. axb5 a6 12. Qg4 Nf5 13. Ne2 Qc7 14. Rh3 Ra7 15. Rf3
Rh7 16. Kf1 cxd4 17. cxd4 Qxc2 18. Bf4 Qb2 19. Rc1 Kd7 20. Be3 Rh8 21. Rxf5 exf5
22. Qxg7 Re8 23. Qxf7+ Re7 24. Qxd5+ 1-0

[Event "40th World Junior Girls"]
[Site "Gandhinagar IND"]
[Date "2024.06.04"]
[Round "3.4"]
[White "Rindhiya, V"]
[Black "Wikar, Martyna"]
[Result "1-0"]
[WhiteTitle "WFM"]
[BlackTitle "WIM"]
[WhiteElo "1965"]
[BlackElo "2272"]
[WhiteFideId "25040529"]
[BlackFideId "21807663"]
[EventDate "2024.06.02"]

1. e4 c5 2. Nf3 d6 3. d4 cxd4 4. Nxd4 Nf6 5. Nc3 a6 6. Be3 e5 7. Nb3 Be7 8. f3
Be6 9. Qd2 O-O 10. O-O-O a5 11. a4 Nc6 12. g4 Nb4 13. Qf2 Qb8 14. g5 Nh5 15. Kb1
Rc8 16. Be2 g6 17. f4 Nxf4 18. Bxf4 exf4 19. Qxf4 Qc7 20. h4 Bf8 21. Nd4 Bc4 22.
Bxc4 Qxc4 23. Ndb5 Bg7 24. Rxd6 Na2 25. Qf1 Nxc3+ 26. Nxc3 Qb4 27. Rd7 Rf8 28.
Rh3 Rad8 29. Rxd8 Rxd8 30. Qb5 Bxc3 31. Rxc3 Qxe4 32. Qxa5 Rd1+ 33. Ka2 Kg7 34.
Rc7 Qe6+ 35. b3 Kf8 36. Qa8+ Kg7 37. Rc8 f6 38. Rh8 Qf7 39. gxf6+ Kh6 40. Qf8+
Qxf8 41. Rxf8 Rf1 42. Rb8 Kh5 43. Rxb7 h6 44. f7 Rf6 45. a5 g5 46. hxg5 hxg5 47.
Kb2 g4 48. a6 g3 49. a7 g2 50. a8=Q g1=Q 51. Qh8+ 1-0

[Event "40th World Junior Girls"]
[Site "Gandhinagar IND"]
[Date "2024.06.04"]
[Round "3.5"]
[White "Sneha Halder"]
[Black "Balabayeva, Xeniya"]
[Result "0-1"]
[BlackTitle "WIM"]
[WhiteElo "1958"]
[BlackElo "2246"]
[WhiteFideId "25693263"]
[BlackFideId "13719688"]
[EventDate "2024.06.02"]

1. Nf3 d5 2. g3 Nf6 3. Bg2 e6 4. O-O Be7 5. b3 O-O 6. Bb2 c5 7. d4 Nc6 8. Nbd2
b6 9. c4 Bb7 10. Re1 Rc8 11. Rc1 Ne4 12. cxd5 exd5 13. a3 Bf6 14. e3 Nxd2 15.
Qxd2 Na5 16. Qd1 c4 17. b4 Nb3 18. Rc2 Bc6 19. Ne5 Ba4 20. f4 Bxe5 21. fxe5 Qd7
22. Bc3 Rce8 23. Rf1 Qe6 24. Qb1 Qh6 25. Re2 Rd8 26. Rf4 Qg6 27. e4 Bc6 28. Qf1
dxe4 29. Bxe4 Bxe4 30. Rexe4 Qe6 31. Rg4 Rd7 32. Qf6 g6 33. Qf1 Re8 34. Ref4
Red8 35. h4 h5 36. Rg5 Nxd4 37. Rf6 Qe8 38. Qxc4 Ne6 39. Kh2 Rc8 40. Qb3 Kh7 41.
Rf3 Nxg5 42. hxg5 Qe6 43. Qb1 Qd5 44. e6 fxe6 45. Qf1 e5 46. Kh3 e4 0-1

[Event "40th World Junior Girls"]
[Site "Gandhinagar IND"]
[Date "2024.06.04"]
[Round "3.6"]
[White "Hryzlova, Sofiia"]
[Black "Dakshita Kumawat"]
[Result "1-0"]
[WhiteTitle "WIM"]
[WhiteElo "2246"]
[BlackElo "1928"]
[WhiteFideId "14174669"]
[BlackFideId "25944304"]
[EventDate "2024.06.02"]

1. d4 d5 2. c4 e6 3. Nc3 Nf6 4. cxd5 exd5 5. Bg5 Bb4 6. e3 h6 7. Bh4 g5 8. Bg3
Ne4 9. Rc1 h5 10. Bb5+ Bd7 11. Qb3 Bxb5 12. Qxb4 Nxc3 13. Rxc3 Bc6 14. h3 a5 15.
Qb3 Qe7 16. Nf3 Na6 17. a3 f6 18. Qc2 Qe4 19. h4 Qxc2 20. Rxc2 g4 21. Nd2 Kd7
22. Nb1 Bb5 23. Kd2 Rhe8 24. Rhc1 Rac8 25. b3 a4 26. Rb2 axb3 27. Rxb3 Bc6 28.
Nc3 Ke6 29. Nb5 Kd7 30. Kd3 Ra8 31. Nc3 Re7 32. Kd2 Ke6 33. Ne2 Kd7 34. Nf4 Rh7
35. e4 dxe4 36. d5 Ba4 37. Rxb7 Kc8 38. Rb6 f5 39. Rf6 Bd7 40. Ng6 Kb7 41. Bf4
Be8 42. Be3 Rd7 43. Nf4 Bf7 44. Rb1+ Kc8 45. Rxf5 Nb8 46. Bc5 Ra5 47. Bb4 Rb5
48. Ke3 Bxd5 49. a4 Ba2 50. axb5 Bxb1 51. Rxh5 Rd1 52. Rd5 Rc1 53. Rc5 Rh1 54.
Ba5 c6 55. bxc6 Rxh4 56. Nd5 Rh7 57. Nb6+ Kc7 58. Na8+ Kc8 59. Nb6+ Kc7 60. Nc4+ 1-0

[Event "40th World Junior Girls"]
[Site "Gandhinagar IND"]
[Date "2024.06.04"]
[Round "3.7"]
[White "Norman, Kseniya"]
[Black "Yashvi Jain"]
[Result "1/2-1/2"]
[WhiteElo "2134"]
[BlackElo "1729"]
[WhiteFideId "13518780"]
[BlackFideId "25984446"]
[EventDate "2024.06.02"]

1. e4 e5 2. Nf3 Nc6 3. Bb5 a6 4. Ba4 Nf6 5. d3 b5 6. Bb3 Bc5 7. O-O O-O 8. c3 d5
9. exd5 Nxd5 10. d4 exd4 11. cxd4 Bb6 12. Nc3 Be6 13. Ng5 Nxd4 14. Bxd5 Bxd5 15.
Nxh7 Bxg2 16. Kxg2 Kxh7 17. Qh5+ Kg8 18. Be3 Qd6 19. Rad1 Qc6+ 20. f3 Rad8 21.
Kh1 Rfe8 22. Bxd4 Bxd4 23. Ne4 Be3 24. Rxd8 Rxd8 25. Re1 Re8 26. Qg4 Bd4 27. b3
Kf8 28. Rd1 Bf6 29. Qf5 Qc2 30. Rd7 Qc6 31. Kg2 Re5 1/2-1/2

[Event "40th World Junior Girls"]
[Site "Gandhinagar IND"]
[Date "2024.06.04"]
[Round "3.8"]
[White "Saparya Ghosh"]
[Black "Allahverdiyeva, Ayan"]
[Result "0-1"]
[BlackTitle "WIM"]
[WhiteElo "1833"]
[BlackElo "2133"]
[WhiteFideId "25771280"]
[BlackFideId "13412590"]
[EventDate "2024.06.02"]

1. d4 Nf6 2. c4 e6 3. Nc3 Bb4 4. e3 O-O 5. Bd3 Re8 6. Ne2 d5 7. O-O Nbd7 8. a3
Bf8 9. Qc2 dxc4 10. Bxc4 a6 11. b4 b5 12. Bd3 e5 13. Rd1 Bb7 14. dxe5 Rxe5 15.
e4 c5 16. Bf4 cxb4 17. Bxe5 Nxe5 18. axb4 Bxb4 19. Nd5 Rc8 20. Qb3 Bc5 21. Ne3
Nfg4 22. Bc2 Qh4 23. Nxg4 Nxg4 24. Ng3 Bxf2+ 25. Kf1 Qxh2 26. Rd7 Bd5 27. Rxd5
Bxg3 28. Qf3 Qh1+ 29. Ke2 Qxa1 30. Qd3 Qe1+ 31. Kf3 Nh2# 0-1

[Event "40th World Junior Girls"]
[Site "Gandhinagar IND"]
[Date "2024.06.04"]
[Round "3.9"]
[White "Advika Sarupria"]
[Black "Abdinova, Narmin"]
[Result "0-1"]
[WhiteElo "1587"]
[BlackElo "2121"]
[WhiteFideId "25968858"]
[BlackFideId "13425340"]
[EventDate "2024.06.02"]

1. d4 Nf6 2. c4 e6 3. Nc3 Bb4 4. Bd2 c5 5. e3 O-O 6. Bd3 b6 7. Nf3 Bb7 8. O-O d6
9. Rc1 Nbd7 10. Re1 e5 11. dxe5 dxe5 12. e4 Bxc3 13. Bxc3 Qc7 14. Qe2 Rfe8 15.
Rcd1 Nf8 16. Bc2 Ng6 17. g3 Qc8 18. Nd2 Qh3 19. Nf1 Rad8 20. f3 Qc8 21. Ne3 Bc6
22. Nd5 Bd7 23. Rd2 Nxd5 24. cxd5 Qb7 25. b4 cxb4 26. Bxb4 a5 27. Bc3 Rc8 28.
Qe3 Rc5 29. Bb2 Rec8 30. Bd3 b5 31. f4 f6 32. Rf2 Qb8 33. Ref1 Qd6 34. Rc1 b4
35. Rff1 Rxc1 36. Bxc1 a4 37. f5 Ne7 38. Bb1 Rc3 39. Qf2 Nc8 40. Bb2 Rc7 41. Qd2
Nb6 42. Bd3 Nc4 43. Bxc4 Rxc4 44. Qe3 a3 45. Bc1 Rc3 46. Qf2 h6 47. Bd2 Rc4 48.
Qe3 Rc2 49. Ra1 Bb5 50. Rb1 Rb2 51. Rxb2 axb2 52. Qb3 Qc5+ 53. Kg2 Qd4 54. d6+
Kh7 55. Qf7 Qxd2+ 56. Kh3 Bf1+ 0-1

[Event "40th World Junior Girls"]
[Site "Gandhinagar IND"]
[Date "2024.06.04"]
[Round "3.10"]
[White "Arya G Mallar"]
[Black "Krasteva, Beloslava"]
[Result "0-1"]
[BlackTitle "FM"]
[WhiteElo "1725"]
[BlackElo "2289"]
[WhiteFideId "25115324"]
[BlackFideId "2922029"]
[EventDate "2024.06.02"]

1. d4 Nf6 2. Bf4 e6 3. e3 c5 4. Nf3 cxd4 5. exd4 b6 6. a4 Be7 7. c3 O-O 8. Na3
d6 9. Bd3 Ba6 10. O-O Bxd3 11. Qxd3 Nd5 12. Bg3 Nd7 13. a5 N7f6 14. h3 a6 15.
axb6 Nxb6 16. Nc2 a5 17. Ra2 Qd7 18. Rfa1 a4 19. Nd2 Rfc8 20. Na3 d5 21. Nf3
Bxa3 22. Ne5 Qe8 23. Rxa3 Ne4 24. h4 f6 25. Ng4 Nc4 26. R3a2 Qg6 27. Nh2 Nxg3
28. Qxg3 Qxg3 29. fxg3 Rab8 30. Rxa4 Rxb2 31. Ra8 Rxa8 32. Rxa8+ Kf7 33. Ra7+
Kg6 34. h5+ Kxh5 35. Rxg7 Kh6 36. Re7 Re2 37. Ng4+ Kg6 38. Kf1 Re4 39. Nf2 Nd2+
40. Kg1 Re1+ 41. Kh2 Nf1+ 42. Kh3 Re3 43. Kh4 Nxg3 44. Re8 Nf5+ 45. Kg4 Rg3+ 46.
Kf4 Rxg2 47. Ng4 Ng7 48. Rg8 Rc2 49. Rc8 h5 50. Ne3 Rf2+ 51. Kg3 Rd2 52. Ng2
Nf5+ 53. Kf3 e5 54. dxe5 fxe5 55. c4 e4+ 56. Kf4 Rf2+ 57. Ke5 Rxg2 58. cxd5 e3
59. d6 e2 60. Rc1 Nxd6 61. Kxd6 Kf5 62. Kd5 Kf4 63. Kd4 Kf3 64. Kd3 Rg8 65. Kd2
Rd8+ 66. Ke1 Rd1+ 67. Rxd1 exd1=Q+ 68. Kxd1 Kg2 69. Ke2 h4 70. Ke3 h3 71. Kf4 h2
72. Kg4 h1=Q 0-1

[Event "40th World Junior Girls"]
[Site "Gandhinagar IND"]
[Date "2024.06.04"]
[Round "3.11"]
[White "Sachi Jain"]
[Black "Saniya Rafique Tadavi"]
[Result "1-0"]
[WhiteTitle "WFM"]
[WhiteElo "2124"]
[BlackElo "1754"]
[WhiteFideId "25974050"]
[BlackFideId "25912461"]
[EventDate "2024.06.02"]

1. e4 c5 2. Nf3 d6 3. d4 cxd4 4. Nxd4 Nf6 5. Nc3 a6 6. Nb3 e6 7. g4 b5 8. Bg2
Bb7 9. g5 Nfd7 10. a3 Be7 11. f4 Nc6 12. Be3 Rc8 13. Qe2 Na5 14. Nxa5 Qxa5 15.
O-O Qd8 16. Rad1 Nb6 17. Bd4 O-O 18. Rd3 e5 19. Bxe5 Nc4 20. Bd4 Nxb2 21. Rh3 g6
22. Qe1 f6 23. f5 fxg5 24. fxg6 h6 25. Nd5 Nc4 26. Rxh6 Ne5 27. Nxe7+ Qxe7 28.
Rh7 Qe6 29. Rxb7 Rxc2 30. Bxe5 dxe5 31. Rxf8+ Kxf8 32. Qf1+ Kg8 33. Bh3 Qxg6 34.
Rb8+ Kg7 35. Qf8+ Kh7 36. Rb7+ Qg7 37. Qxg7# 1-0

[Event "40th World Junior Girls"]
[Site "Gandhinagar IND"]
[Date "2024.06.04"]
[Round "3.12"]
[White "Grozdanovic, Anastasia"]
[Black "Divyabharathi, Masanam"]
[Result "1/2-1/2"]
[WhiteTitle "WFM"]
[WhiteElo "2108"]
[BlackElo "1821"]
[WhiteFideId "979996"]
[BlackFideId "45018421"]
[EventDate "2024.06.02"]

1. d4 d5 2. c4 e6 3. Nc3 Nf6 4. cxd5 exd5 5. Bg5 Be7 6. e3 h6 7. Bh4 O-O 8. Bd3
c6 9. Nge2 Re8 10. O-O Nbd7 11. Qc2 Nb6 12. f3 c5 13. Bxf6 Bxf6 14. dxc5 Nc4 15.
Bxc4 dxc4 16. Rad1 Qe7 17. Ne4 Bg5 18. Qc3 Bf5 19. N2g3 Bg6 20. Rd4 b5 21. cxb6
axb6 22. Nxg5 hxg5 23. e4 Rxa2 24. Rxc4 b5 25. Rc7 Qd6 26. Rc6 Qd7 27. Rc1 Rd8
28. h3 Qd2 29. Qxd2 Rxd2 30. Rc8+ Kh7 31. R8c2 Rxb2 32. Rxd2 Rxd2 33. Rb1 f6 34.
Rxb5 Rd1+ 35. Kh2 Re1 36. Rb2 Kg8 37. Ne2 Bf7 38. Rb8+ Kh7 39. Nd4 Rd1 40. Nf5
Be6 41. Ng3 Rd2 42. Re8 Bd7 43. Re7 Kg6 44. e5 Bc6 45. Ne4 Bxe4 46. fxe4 Re2 47.
exf6 Kxf6 48. Re8 Kf7 49. Ra8 Rxe4 50. Ra6 Re3 51. Kg1 Re2 52. Ra3 Kg6 53. Rf3
Rb2 54. Kh2 Ra2 55. Kg3 Rb2 56. Rc3 Rb4 57. Rc6+ Kh7 58. Rd6 Ra4 59. Rc6 Rb4 60.
Rd6 Ra4 61. Rc6 1/2-1/2

[Event "40th World Junior Girls"]
[Site "Gandhinagar IND"]
[Date "2024.06.04"]
[Round "3.13"]
[White "Kaldarova, Ayaulym"]
[Black "Aswinika Mani R"]
[Result "1-0"]
[WhiteTitle "WFM"]
[WhiteElo "2100"]
[BlackElo "1751"]
[WhiteFideId "13720503"]
[BlackFideId "25611518"]
[EventDate "2024.06.02"]

1. Nf3 d5 2. g3 Nf6 3. Bg2 c6 4. c4 Bg4 5. Ne5 dxc4 6. Nxg4 Nxg4 7. O-O e6 8.
Qc2 Bd6 9. h3 Ne5 10. Na3 Na6 11. Nxc4 Nb4 12. Nxd6+ Qxd6 13. Qb3 O-O 14. d4 Ng6
15. Bd2 a5 16. a3 Nd5 17. e4 Nc7 18. Rad1 h5 19. h4 Nb5 20. Be3 a4 21. Qd3 Rfd8
22. Qe2 e5 23. d5 Rac8 24. Bh3 Ra8 25. Qxh5 Nd4 26. Bxd4 exd4 27. Rxd4 c5 28.
Rd2 Ne5 29. Qe2 b5 30. f4 Nc4 31. Rd3 b4 32. e5 Qb6 33. e6 Nxb2 34. exf7+ Kxf7
35. Be6+ Kf8 36. Qxb2 c4+ 37. Qd4 Qxd4+ 38. Rxd4 c3 39. Rxb4 Rdb8 40. Rc4 Rb3
41. d6 c2 42. Rxc2 Rxg3+ 43. Kh2 Rxa3 44. Rfc1 Re8 45. Rc8 1-0

[Event "40th World Junior Girls"]
[Site "Gandhinagar IND"]
[Date "2024.06.04"]
[Round "3.15"]
[White "Gunawardhana, Devindya Oshini"]
[Black "Kirthika, B"]
[Result "1-0"]
[WhiteTitle "WFM"]
[WhiteElo "1980"]
[BlackElo "1724"]
[WhiteFideId "29941482"]
[BlackFideId "25981323"]
[EventDate "2024.06.02"]

1. e4 c5 2. Nf3 d6 3. d4 cxd4 4. Nxd4 Nf6 5. Nc3 a6 6. Bc4 e6 7. a4 Be7 8. O-O
Nc6 9. Be3 Qc7 10. Qe2 O-O 11. Kh1 Nxe4 12. Nxe4 d5 13. Bxd5 exd5 14. Nc3 Be6
15. f4 Bf6 16. Qf2 Ne7 17. Rae1 Qc4 18. Nxe6 fxe6 19. Bc5 Rf7 20. Bxe7 Rxe7 21.
Nd1 Qxa4 22. Ne3 Qe8 23. c3 Rd8 24. Ng4 Qg6 25. Qf3 Rf8 26. Ne3 d4 27. cxd4 Bxd4
28. Nc4 Ref7 29. g3 b5 30. Nd6 Rd7 31. Qc6 Re7 32. Qxa6 Qh5 1-0

[Event "40th World Junior Girls"]
[Site "Gandhinagar IND"]
[Date "2024.06.04"]
[Round "3.16"]
[White "Kashthuri, Bhai R"]
[Black "Akshaya Sathi"]
[Result "1-0"]
[WhiteElo "1765"]
[BlackElo "1833"]
[WhiteFideId "25611607"]
[BlackFideId "25130340"]
[EventDate "2024.06.02"]

1. e4 c5 2. Nf3 d6 3. d4 cxd4 4. Nxd4 Nf6 5. Nc3 a6 6. f3 e5 7. Nb3 Be6 8. Be3
Be7 9. Qd2 h5 10. Be2 Nbd7 11. Nd5 Bxd5 12. exd5 Qc7 13. Na5 e4 14. O-O exf3 15.
Bxf3 Ne5 16. Bd4 Nxf3+ 17. Rxf3 O-O 18. Nb3 Qc4 19. Qg5 Qxd5 20. Rf5 Qe6 21.
Raf1 Ne8 22. Qxh5 Bf6 23. Qh3 Rc8 24. c3 Rc7 25. Bxf6 Nxf6 26. Nd4 Qd7 27. Qg3
Ne4 28. Qf4 Re8 29. Rh5 Nf6 30. Rg5 Kf8 31. Nf5 Re4 32. Qf3 Rc5 33. Qh3 Ng8 34.
Qh7 f6 35. Rxg7 Qe6 36. Nxd6 Rc7 37. Rxc7 Qxd6 38. Qf7# 1-0

[Event "40th World Junior Girls"]
[Site "Gandhinagar IND"]
[Date "2024.06.04"]
[Round "3.17"]
[White "Gasparyan, Milena"]
[Black "Barwinska, Ewa"]
[Result "1-0"]
[BlackTitle "WFM"]
[WhiteElo "1909"]
[BlackElo "2106"]
[WhiteFideId "13311670"]
[BlackFideId "21833761"]
[EventDate "2024.06.02"]

1. e4 c5 2. Nf3 d6 3. d4 cxd4 4. Nxd4 Nf6 5. Nc3 a6 6. Bd3 e5 7. Nde2 Nbd7 8.
Ng3 Nc5 9. Bg5 Be7 10. Bc4 O-O 11. O-O b5 12. Bb3 Be6 13. Bxf6 Bxf6 14. Nd5 Bh4
15. Qf3 Bxg3 16. fxg3 Rc8 17. Ne3 Qb6 18. Rf2 a5 19. Bd5 Qa7 20. Rd1 Bxd5 21.
Rxd5 Ne6 22. Qe2 Rfd8 23. h3 Rc5 24. Qd3 Rxd5 25. Nxd5 b4 26. Qd2 f6 27. Kh2 Ng5
28. Re2 Rc8 29. Qd3 Kh8 30. Ne3 Rd8 31. Nc4 Qc7 32. Rd2 Nf7 33. Qd5 a4 34. Na5
Rc8 35. b3 h6 36. Nc4 axb3 37. axb3 Kh7 38. Rd1 Rd8 39. Ra1 Rc8 40. Ra6 Rd8 41.
Rb6 Rd7 42. Rxb4 Nd8 43. Rb6 Nf7 44. Rc6 Qb8 45. Qe6 Rc7 46. Rxc7 Qxc7 47. Qd5
Kg6 48. b4 Qa7 49. Nxd6 Ng5 50. Qd2 Qb6 51. c4 Qc6 52. c5 Ne6 53. Qa2 Ng5 54. h4
Nxe4 55. Qf7+ Kh7 56. Nf5 1-0

[Event "40th World Junior Girls"]
[Site "Gandhinagar IND"]
[Date "2024.06.04"]
[Round "3.18"]
[White "Rakshitta, Ravi"]
[Black "Marium, Fatima"]
[Result "1-0"]
[WhiteTitle "WGM"]
[WhiteElo "2271"]
[BlackElo "1905"]
[WhiteFideId "25073230"]
[BlackFideId "45073058"]
[EventDate "2024.06.02"]

1. d4 d5 2. Nf3 Nf6 3. g3 e6 4. Bg2 Be7 5. O-O O-O 6. c4 dxc4 7. Qc2 a6 8. a4
Nc6 9. Qxc4 Na5 10. Qc2 Nd5 11. Bd2 b6 12. Ne5 Bb7 13. Rd1 Rc8 14. e4 Nb4 15.
Bxb4 Bxb4 16. Na3 Qe7 17. Nac4 Nxc4 18. Qxc4 a5 19. Qb5 Rfd8 20. Rac1 Qe8 21.
Qxe8+ Rxe8 22. Nc6 Bxc6 23. Rxc6 e5 24. dxe5 Rxe5 25. Rd7 Rc5 26. Rxc5 Bxc5 27.
Bf1 Re8 28. Bd3 Bd6 29. f4 Kf8 30. Bb5 Bc5+ 31. Kg2 g6 32. e5 Re7 33. Rd8+ Kg7
34. Bd7 g5 35. Kf3 gxf4 36. gxf4 Bd4 37. b3 Bc5 38. Ke4 f6 39. e6 Bd6 40. Kf5
Bc5 41. Be8 Bb4 42. Bf7 Bc3 43. Kg4 Kh6 44. Rd3 Bb2 45. Rh3+ Kg7 46. Kh5 Rxf7
47. Rg3+ Kf8 48. exf7 Kxf7 49. Kh6 Bc1 50. Rg7+ Ke6 51. Rxh7 Kf5 52. h4 Bxf4+
53. Kg7 Be5 54. Kf7 Bb2 55. Rg7 Ke5 56. h5 Bc1 57. Kg6 f5 58. Rxc7 1-0